Human rights and the global marketplace : economic, social, and cultural dimensions / (Record no. 1305)

000 -LEADER
fixed length control field 01001cam a22002414a 4500
001 - CONTROL NUMBER
control field 13758342
003 - CONTROL NUMBER IDENTIFIER
control field OSt
005 - DATE AND TIME OF LATEST TRANSACTION
control field 20140402150708.0
008 - FIXED-LENGTH DATA ELEMENTS--GENERAL INFORMATION
fixed length control field 041022s2005 nyu b 001 0 eng
010 ## - LIBRARY OF CONGRESS CONTROL NUMBER
LC control number 2004062066
020 ## - INTERNATIONAL STANDARD BOOK NUMBER
International Standard Book Number 1571052747
050 00 - LIBRARY OF CONGRESS CALL NUMBER
Classification number K3240.W66 2005
100 1# - MAIN ENTRY--PERSONAL NAME
Personal name Woods, Jeanne M.
245 10 - TITLE STATEMENT
Title Human rights and the global marketplace : economic, social, and cultural dimensions /
Statement of responsibility, etc Jeanne M. Woods and Hope Lewis.
260 ## - PUBLICATION, DISTRIBUTION, ETC. (IMPRINT)
Place of publication, distribution, etc Ardsley, NY :
Name of publisher, distributor, etc Transnational Publishers,
Date of publication, distribution, etc c2005.
300 ## - PHYSICAL DESCRIPTION
Extent xxxiii, 959 p. ;
Dimensions 27 cm.
504 ## - BIBLIOGRAPHY, ETC. NOTE
Bibliography, etc Includes bibliographical references (p. 931-941) and index.
650 #0 - SUBJECT ADDED ENTRY--TOPICAL TERM
Topical term or geographic name as entry element Human rights.
650 #0 - SUBJECT ADDED ENTRY--TOPICAL TERM
Topical term or geographic name as entry element Civil rights
Geographic subdivision United States.
700 1# - ADDED ENTRY--PERSONAL NAME
Personal name Lewis, Hope.
942 ## - ADDED ENTRY ELEMENTS (KOHA)
Source of classification or shelving scheme
Koha item type Book
Holdings
Withdrawn status Lost status Source of classification or shelving scheme Damaged status Not for loan Home library Current library Shelving location Date acquired Total Checkouts Total Renewals Full call number Barcode Date last seen Date checked out Price effective from Koha item type
          Riara University Library Riara University Library Short Loan 02/04/2014 7 1 K3240.W66 2005 4672/14 13/06/2017 09/06/2017 02/04/2014 Book on Shortloan

Riara University Library,
P.O. Box 49940-00100,
Nairobi, Kenya.